Movement Disorders in Childhood: Expert Consult (Record no. 248751)

MARC details
000 -LEADER
fixed length control field 00504pam a2200181a 44500
008 - FIXED-LENGTH DATA ELEMENTS--GENERAL INFORMATION
fixed length control field 230405s2010-12-15 xxu||||| |||| 00| 0 eng d
020 ## - INTERNATIONAL STANDARD BOOK NUMBER
International Standard Book Number 0750698527
Terms of availability $ 99.95 (Rs.5767.12)
082 ## - DEWEY DECIMAL CLASSIFICATION NUMBER
Classification number 618.92683
Item number SIN
100 ## - MAIN ENTRY--PERSONAL NAME
Personal name Singer, Harvey S.
245 ## - TITLE STATEMENT
Title Movement Disorders in Childhood: Expert Consult
250 ## - EDITION STATEMENT
Edition statement 9th Ed.
260 ## - PUBLICATION, DISTRIBUTION, ETC.
Place of publication, distribution, etc. Philadelphia
Name of publisher, distributor, etc. Saunders
Date of publication, distribution, etc. 2010-12-15
300 ## - PHYSICAL DESCRIPTION
Extent 279 p
502 ## - DISSERTATION NOTE
Dissertation note text
700 ## - ADDED ENTRY--PERSONAL NAME
Personal name Gibert, Donald L.
700 ## - ADDED ENTRY--PERSONAL NAME
Personal name Mink, Jonathan W.
906 ## - LOCAL DATA ELEMENT F, LDF (RLIN)
a 000055

No items available.